000
00322nam a2200121Ia 4500
008
220216s9999 xx 000 0 und d
100
_a
Jacob J
245
0
_a
Rubber: Krishichelavu kurachu aadayakaramakkum. Interview with chairman
260
_b
Karshakasree
_c
2016
300
_a
70-72
650
_a
Interview
942
_c
BS
999
_c
51161
_d
51161